[Event "Mittelfranken-chTB2b 1314"]
[Site "Mittelfranken"]
[Date "2014.03.09"]
[Round "7.7"]
[White "Abmayr, Bernhard"]
[Black "Hummel, Andreas"]
[Result "1-0"]
[WhiteElo "1770"]
[BlackElo "1657"]
[PlyCount "81"]
[EventDate "2013.10.20"]
[EventType "team-tourn"]
[EventRounds "9"]
[EventCountry "GER"]
[SourceTitle "EXT 2020"]
[Source "ChessBase"]
[SourceDate "2019.10.17"]
[SourceVersion "1"]
[SourceVersionDate "2019.10.17"]
[SourceQuality "1"]
[WhiteTeam "Uttenreuth"]
[BlackTeam "Buechenbach/Roth III"]
[WhiteTeamCountry "GER"]
[BlackTeamCountry "GER"]

1. e4 c5 2. Nf3 d6 3. d4 cxd4 4. Nxd4 Nf6 5. Nc3 g6 6. Bb5+ Bd7 7. Bxd7+ Qxd7 8. 0-0 Bg7 9. Be3 0-0 10. f3 Nc6 11. Nd5 Nxd5 12. exd5 Ne5 13. b3 a6 14. h3 Qc7 15. c4 Nd7 16. Rc1 a5 17. a4 Nc5 18. Re1 Rfe8 19. Bf2 Rad8 20. Qc2 Qd7 21. Rcd1 e5 22. dxe6 Nxe6 23. Nb5 Qc6 24. Nc3 Nf4 25. Nd5 Rxe1+ 26. Bxe1 Nxd5 27. Rxd5 b6 28. Bf2 Be5 29. Qd3 Rb8 30. Rb5 Qc7 31. Qe3 Qe7 32. f4 Bf6 33. Qxe7 Bxe7 34. Bxb6 Bd8 35. Bxd8 Rxd8 36. Rxa5 Kf8 37. Rb5 Ke7 38. a5 Kd7 39. a6 Kc8 40. Ra5 Kb8 41. Ra3 1-0

[Event "Mittelfranken-chTB2b 1314"]
[Site "Mittelfranken"]
[Date "2014.02.16"]
[Round "6.7"]
[White "Puehn, Georg"]
[Black "Abmayr, Bernhard"]
[Result "1/2-1/2"]
[WhiteElo "1876"]
[BlackElo "1770"]
[PlyCount "93"]
[EventDate "2013.10.20"]
[EventType "team-tourn"]
[EventRounds "9"]
[EventCountry "GER"]
[SourceTitle "EXT 2020"]
[Source "ChessBase"]
[SourceDate "2019.10.17"]
[SourceVersion "1"]
[SourceVersionDate "2019.10.17"]
[SourceQuality "1"]
[WhiteTeam "Nuernberg NT IV"]
[BlackTeam "Uttenreuth"]
[WhiteTeamCountry "GER"]
[BlackTeamCountry "GER"]

1. e4 e5 2. Nf3 Nc6 3. Bb5 a6 4. Ba4 Nf6 5. 0-0 b5 6. Bb3 Be7 7. Re1 d6 8. c3 Bg4 9. d3 0-0 10. Nbd2 Na5 11. Bc2 c5 12. Nf1 Nc6 13. h3 Be6 14. Ng3 h6 15. d4 Bd7 16. Be3 Nh7 17. Qd2 c4 18. Rad1 Bc8 19. Qc1 Bf6 20. dxe5 Nxe5 21. Nxe5 Bxe5 22. f4 Qh4 23. fxe5 Qxg3 24. Bf4 Qg6 25. Rxd6 Be6 26. Qe3 Qh5 27. Bd1 Qh4 28. Qg3 Qxg3 29. Bxg3 Rfe8 30. Bf3 Nf8 31. Red1 Ng6 32. h4 Rec8 33. h5 Ne7 34. Rb6 Rc6 35. Rd6 Rxb6 36. Rxb6 Kf8 37. Bf2 Ke8 38. Kf1 Bd7 39. Rd6 Nc6 40. Rd5 Be6 41. Rc5 Kd7 42. g4 Na5 43. Rd5+ Bxd5 44. exd5 Rb8 45. Bd4 Rf8 46. Be4 Nb7 47. Ke2 1/2-1/2